|
|
|
|
| LEADER |
00819cam a2200205 7i4500 |
| 001 |
0000029084 |
| 005 |
20170218090000.0 |
| 008 |
040911 eng |
| 090 |
0 |
0 |
|a HF5814
|b .S54 2009
|
| 100 |
0 |
|
|a Sheikh Azmir Omar
|
| 245 |
1 |
0 |
|a Brand awareness :
|b how IT affect purchasing behavior towards teenagers and youth at One Utama
|c Sheikh Azmir Omar, Mohd Fais Ramli, Mohd Mas'udi Mohd Shafie.
|
| 260 |
|
|
|a Bestari Jaya, Selangor:
|b UNISEL,
|c 2009.
|
| 300 |
|
|
|a vii, 66 p.:
|b col. ill.;
|c 30 cm.
|
| 610 |
2 |
|
|a Universiti Industri Selangor
|
| 650 |
0 |
0 |
|a Internet
|
| 650 |
0 |
0 |
|a Internet marketing
|
| 700 |
0 |
|
|a Mohd Fais Ramli
|
| 700 |
0 |
|
|a Mohd Mas'udi Mohd Shafie
|
| 997 |
|
|
|a Business & Accountancy, Faculty
|
| 999 |
|
|
|a PRC0000187
|b PROJECT REPORT COLLECTION
|c PROJECT REPORT COLLECTION
|e 2nd Floor, Shah Alam
|